Itaca Per ritrovare l'origine

שמור ב:
מידע ביבליוגרפי
מחבר ראשי: Pier Giorgio Francia
פורמט: ספר
שפה:שפה לא ידועה
יצא לאור: Ibiskos Ulivieri
תגים: הוספת תג
אין תגיות, היה/י הראשונ/ה לתייג את הרשומה!

MARC

LEADER 00000nam a2200000Ia 4500
001 R-661
003 CODICE-MESSINA
005 20260212102455.0
008 260211s9999 xx 000 0 und d
040 |c importazione_messina 
100 |a Pier Giorgio Francia 
245 0 |a Itaca 
245 0 |b Per ritrovare l'origine 
260 |b Ibiskos Ulivieri 
942 |2 ddc  |c BK 
952 |0 0  |1 0  |2 ddc  |4 0  |6 SCAFFALE_6_000000000000000__ROMANZI  |7 0  |9 31484  |a ME  |b ME  |d 2026-02-11  |l 0  |o SCAFFALE 6 - ROMANZI  |p R-661  |r 2026-02-11 23:52:35  |w 2026-02-11  |x [REVISIONARE]  |y BK 
999 |c 27149  |d 27149